Management consulting & coaching <ein> Glossar mit 500 Begriffen aus der Welt der Beratung

Gespeichert in:
Bibliographische Detailangaben
1. Verfasser: Geiger, Ingrid Katharina
Format: Buch
Sprache:Deutsch
Veröffentlicht: Frankfurt nad Mohanom VAS 2007
Schlagworte:
Tags: Tag hinzufügen
Keine Tags, Fügen Sie das erste Tag hinzu!

MARC

LEADER 00000nam$a2200000$$$4500
001 0106599
005 20240315123203.7
020 |a 978-3-88864-428-3 
041 0 |a ger 
044 |a DE 
245 1 0 |a Management consulting & coaching  |b <ein> Glossar mit 500 Begriffen aus der Welt der Beratung  |c Ingrid Katharina Geiger 
264 1 |a Frankfurt nad Mohanom  |b VAS  |c 2007 
300 |a 170 s. 
610 2 0 |a manažment 
610 2 0 |a riadenie 
610 2 0 |a poradenstvo 
100 1 |a Geiger, Ingrid Katharina